U.S. States with the Tallest Mountain - Statistics

General Stats
  • This quiz has been taken 22 times
  • The average score is 19 of 22
Answer Stats
State Highest Point (ft.) % Correct
Alaska 20,310 ft.
100%
California 14,505 ft.
100%
Colorado 14,440 ft.
100%
Montana 12,807 ft.
100%
Oregon 11,249 ft.
100%
Utah 13,534 ft.
100%
Arizona 12,637 ft.
94%
Nevada 13,147 ft.
94%
New Mexico 13,167 ft.
94%
Washington 14,400 ft.
94%
Wyoming 13,809 ft.
94%
Hawaii 13,803 ft.
89%
Idaho 12,668 ft.
89%
Texas 8,751 ft.
83%
New York 5,343 ft.
78%
South Dakota 7,244 ft.
78%
Maine 5,270 ft.
72%
North Carolina 6,684 ft.
72%
Virginia 5,711 ft.
72%
New Hampshire 6,285.8 ft.
67%
Tennessee 6,643 ft.
56%
Nebraska 5,432 ft.
33%
No matching quizzes found
Score Distribution
Percent of People with Each Score
Percentile by Number Answered
Your Score History
You have not taken this quiz